Normal view MARC view

Entry Nombre personal

Number of records used in: 66

001 - NÚMERO DE CONTROL

  • campo de control: 78429

003 - IDENTIFICADOR DE NÚMERO DE CONTROL

  • campo de control: SpMaBN

005 - FECHA Y HORA DE LA ÚLTIMA TRANSACCIÓN

  • campo de control: 20230712171618.0

008 - ELEMENTOS DE DATO DE LONGITUD-FIJA

  • campo de control de longitud fija: 901120nn aijnnaabn a aaa

016 ## - NÚMERO DE CONTROL DE UNA AGENCIA BIBLIOGRÁFICA NACIONAL

  • Número de control del registro: BNE19900104858

024 7# - IDENTIFICADOR DE OTROS ESTÁNDARES

  • Número estándar o código: http://viaf.org/viaf/49350022/
  • Fuente: viaf

024 7# - IDENTIFICADOR DE OTROS ESTÁNDARES

  • Número estándar o código: https://isni.org/isni/0000000121320968
  • Fuente: isni

024 7# - IDENTIFICADOR DE OTROS ESTÁNDARES

  • Número estándar o código: http://www.wikidata.org/entity/Q1137438
  • Fuente: wikidata

040 ## - FUENTE DE CATALOGACIÓN

  • Centro catalogador/agencia de origen: SpMaBN
  • Lengua de catalogación: spa
  • Centro/agencia transcriptor: SpMaBN
  • Normas de descripción: rdc
  • Convención/Normas de encabezamiento de materia/tesauro: embne

046 ## - FECHAS CON CODIFICACIÓN ESPECIAL

  • Fecha de nacimiento: 1881
  • Fecha de la muerte: 1947

100 1# - ENCABEZAMIENTO-NOMBRE DE PERSONA

  • Nombre de persona: Martínez Sierra, Gregorio,
  • Fechas asociadas al nombre: 1881-1947

370 ## - LUGAR ASOCIADO

  • Lugar de nacimiento: Madrid, España
  • Fuente de información: (Wikidata)
  • Número de control del registro de autoridad o número normalizado: XX450543

373 ## - GRUPO ASOCIADO

  • Grupo asociado: Ateneo de Madrid
  • Período de inicio: 1907
  • Fuente de información: Cargos históricos del Ateneo de Madrid 1835-1936 (Archivo del Ateneo); Ateneo de Madrid: memoria 1962-1967

374 ## - OCUPACIÓN

  • Ocupación: Editores
  • Ocupación: Libretistas
  • Ocupación: Directores de cine
  • Ocupación: Poetas
  • Ocupación: Dramaturgos
  • Ocupación: Escritores
  • Fuente de información: Wikidata

375 ## - GÉNERO/SEXO

  • Género: Masculino

377 ## - IDIOMA ASOCIADO

  • Término de lengua/lenguaje: Español

400 1# - TRAZADO DE VÉASE--NOMBRE DE PERSONA

  • Nombre de persona: Martínez Sierra,
  • Fechas asociadas al nombre: 1881-1947

400 1# - TRAZADO DE VÉASE--NOMBRE DE PERSONA

  • Nombre de persona: Martínez Sierra, G.,
  • Fechas asociadas al nombre: 1881-1947

400 1# - TRAZADO DE VÉASE--NOMBRE DE PERSONA

  • Nombre de persona: Martínez-Sierra, Gregorio,
  • Fechas asociadas al nombre: 1881-1947

670 ## - FUENTE DE DATOS ENCONTRADOS

  • Cita de la fuente: Canción de cuna, 1981
  • Información encontrada: port. (Gregorio Martínez Sierra)

670 ## - FUENTE DE DATOS ENCONTRADOS

  • Cita de la fuente: Teatro de ensueño, 1911
  • Información encontrada: port. (G. Martínez Sierra)

670 ## - FUENTE DE DATOS ENCONTRADOS

  • Cita de la fuente: Palau
  • Información encontrada: (Martínez Sierra, Gregorio)

670 ## - FUENTE DE DATOS ENCONTRADOS

  • Cita de la fuente: Dic. de literatura española e hispanoamericana, 1993
  • Información encontrada: (Martínez Sierra, Gregorio (Madrid, 1881-1947); autor modernista (poesía novela) y comedia sentimental; además, autor de libretos de zarzuela)

670 ## - FUENTE DE DATOS ENCONTRADOS

  • Cita de la fuente: Grandes figuras de la literatura, 1998
  • Información encontrada: (Martínez Sierra Gregorio; Recientes investigaciones indican que la mayor parte de sus piezas teatrales fue escrita por su esposa: María de la O Lejárraga)

670 ## - FUENTE DE DATOS ENCONTRADOS

  • Cita de la fuente: WWW BN España aut., 12/07/2023
  • Información encontrada: (Martínez Sierra, Gregorio, 1881-1947)

678 ## - DATOS BIOGRÁFICOS O HISTÓRICOS

  • Datos biográficos o históricos: Socio del Ateneo de Madrid n. 8308, ingresó en 1907. Vicepresidente de la Sección de Literatura en 1907-08
  • Ampliación de la nota: Fuentes: Cargos históricos del Ateneo de Madrid 1835-1936 (Archivo del Ateneo); Ateneo de Madrid: memoria 1962-1967